| 000 | 01621cam a22004094i 4500 | ||
|---|---|---|---|
| 003 | PE-LiUPU | ||
| 005 | 20250731173222.0 | ||
| 008 | 150625s1956 spa r 000 0 spa d | ||
| 035 | _a(Sirsi) a33773 | ||
| 040 |
_aPE-LiUPU _bspa _cPE-LiUPU _erda |
||
| 082 | 0 | 4 |
_a227 _bG72 _221 |
| 100 | 1 |
_aHolzner, Josef, _eautor. |
|
| 245 | 1 | 0 |
_aSan Pablo : _bHeraldo de Cristo / _cJosef Holzner. |
| 264 | 1 |
_aBarcelona, _c1956. |
|
| 300 |
_a584, páginas : _bilustraciones ; _c21 centímetros |
||
| 336 |
_atext _2rdacontent |
||
| 337 |
_aunmediated _2rdamedia |
||
| 338 |
_avolume _2rdacarrier |
||
| 505 | 0 | _aAños de juventud y de preparación -- años de madurez: primeros intentos de misión -- el primer viaje de misión -- la lucha por la libertad -- el segundo viaje de misión -- el tercer viaje de misión -- cautivo de Cristo -- la palabra de Dios no está encadenada -- últimos viajes y cartas -- el fin. | |
| 526 | _aSEG42 | ||
| 526 | _aSEG41 | ||
| 526 | _aSEG40 | ||
| 526 | _aSEG39 | ||
| 526 | _aP94 | ||
| 526 | _aP87 | ||
| 526 | _aP86 | ||
| 526 | _aP85 | ||
| 526 | _aP77 | ||
| 526 | _aP76 | ||
| 526 | _aP35 | ||
| 600 | 1 |
_aPablo de Tarso. _d2 a. C. - c. 66 d. C. |
|
| 942 |
_2ddc _cBOOK |
||
| 949 |
_a227 G72 _wDEWEY _c1 _i37621 _lCCODEBUL1 _mBUL _p30.00 _r0 _sY _tBOOK _u2015-06-25 _xBIBLIOTECA _PP35 _0COMPRA _o.STAFF. Colección Teología |
||
| 596 | _a1 | ||
| 999 |
_a227 G72 _wDEWEY _c41557 _i37621 _f2021-11-11 _g6 _lCCODEBUL1 _mBUL _p30.00 _r0 _sY _tBOOK _u2015-6-25 _xTEOLOGIA _PP35 _0COMPRA _o.STAFF. Colección Teología _d41557 |
||
| 980 |
_81 _gALBERTO SANCHEZ Responsable de Automatización |
||